Los crímenes de la Rue Morgue y el misterio de Marie Roget / (Record no. 148291)

MARC details
000 -CABECERA
campo de control de longitud fija 00893nam a2200241 u 4500
005 - FECHA Y HORA DE LA ÚLTIMA TRANSACCIÓN
campo de control 20240320063713.0
008 - ELEMENTOS DE LONGITUD FIJA--INFORMACIÓN GENERAL
campo de control de longitud fija 100527s2008 es r 000 0 spa d
020 ## - NÚMERO INTERNACIONAL NORMALIZADO PARA LIBROS
Número Internacional Estándar del Libro 9788498721133
035 ## - NÚMERO DE CONTROL DEL SISTEMA
Número de control de sistema UPN01000176188
049 ## - COLECCIÓN
Colección CG
050 #4 - SIGNATURA TOPOGRÁFICA DE LA BIBLIOTECA DEL CONGRESO
Número de clasificación PS2617
Número de documento/Ítem P6.28a
100 1# - ASIENTO PRINCIPAL--NOMBRE PERSONAL
Nombre de persona Poe, Edgar Allan,
Fechas asociadas al nombre 1809-1849
9 (RLIN) 29415
245 14 - MENCIÓN DE TÍTULO
Título Los crímenes de la Rue Morgue y el misterio de Marie Roget /
Mención de responsabilidad, etc. Edgar Allan Poe ; tr. Mauro Armiño.
260 ## - PUBLICACIÓN, DISTRIBUCIÓN, ETC.
Lugar de publicación, distribución, etc. Barcelona, Esp. :
Nombre del editor, distribuidor, etc. Ediciones B,
Fecha de publicación, distribución, etc. 2008.
300 ## - DESCRIPCIÓN FÍSICA
Extensión 224 p.
440 #0 - MENCIÓN DE SERIE/ASIENTO SECUNDARIO--TÍTULO
Título Club del misterio
501 ## - NOTA DE "CON"
Nota de “Con” Con : La carta robada y otros relatos de misterio /
534 ## - NOTA SOBRE LA VERSIÓN ORIGINAL
Frase introductoria Título original:
Mención de título del original The murders in the Rueg Morgue. The mistery of Marie Roget. The purloined letter
650 #4 - ASIENTO SECUNDARIO DE MATERIA - TERMINO TEMATICO
Término de materia o nombre geográfico como elemento de entrada Novela estadounidense
9 (RLIN) 4462
650 #2 - ASIENTO SECUNDARIO DE MATERIA - TERMINO TEMATICO
Término de materia o nombre geográfico como elemento de entrada Novela policiaca y de misterio
9 (RLIN) 8409
740 3# - ASIENTO SECUNDARIO - TÍTULOS RELACIONADOS /ANALITICOS NO CONTROLADOS
Título relacionado o analítico no controlado La carta robada y otros relatos de misterio
905 ## - TIPO DE MATERIAL
Tipo de material Libro
Holdings
Estado de retiro Estado de pérdida Fuente del sistema de clasificación o colocación Estado dañado No para préstamo Código de colección Localización permanente Ubicación/localización actual Ubicación en estantería Fecha de adquisición Total de préstamos Clasificación Código de barras Fecha visto por última vez Fecha del último préstamo Número de copia Tipo de ítem Koha
    Library of Congress Classification     Colección General Bib. Gregorio Torres Quintero Bib. Gregorio Torres Quintero Planta baja 23/08/2023 23 PS2617 P6.28a 273834 19/09/2023 23/08/2023 1 Libro